Government ends care home tax burden (Record no. 72675)
[ view plain ]
| 000 -LEADER | |
|---|---|
| fixed length control field | 00829cam a2200193 4500 |
| 001 - CONTROL NUMBER | |
| control field | WB3918-19 |
| 008 - FIXED-LENGTH DATA ELEMENTS--GENERAL INFORMATION | |
| fixed length control field | 030515n2003 000 0 eng u |
| 035 ## - SYSTEM CONTROL NUMBER | |
| System control number | (Sirsi) u122291 |
| 245 ## - TITLE STATEMENT | |
| Title | Government ends care home tax burden |
| 260 ## - PUBLICATION, DISTRIBUTION, ETC. | |
| Date of publication, distribution, etc. | 2003 |
| 490 ## - SERIES STATEMENT | |
| Series statement | ODPM News Release |
| Volume/sequential designation | (088) 15 May 2003 (2) |
| 520 ## - SUMMARY, ETC. | |
| Summary, etc. | Government intends to change legislation to make care home owners liable for council tax rather than individual residents. All registered care homes in England will be assessed for council tax as a single residence, including those with self-contained units. The ODPM will consult on proposals in the next two weeks. www.odpm.gov.uk/pns/DisplayPN.cgi?pn_id=2003_0088 |
| 590 ## - LOCAL NOTE (RLIN) | |
| Local note | WB |
| 650 ## - SUBJECT ADDED ENTRY--TOPICAL TERM | |
| Topical term or geographic name entry element | RESIDENTIAL CARE HOMES |
| 650 ## - SUBJECT ADDED ENTRY--TOPICAL TERM | |
| Topical term or geographic name entry element | COUNCIL TAX |
| 650 ## - SUBJECT ADDED ENTRY--TOPICAL TERM | |
| Topical term or geographic name entry element | OWNERS |
| 690 ## - LOCAL SUBJECT ADDED ENTRY--TOPICAL TERM (OCLC, RLIN) | |
| Topical term or geographic name as entry element | TAXATION |
| 942 ## - ADDED ENTRY ELEMENTS (KOHA) | |
| Suppress in OPAC | 0 |
| Withdrawn status | Lost status | Source of classification or shelving scheme | Damaged status | Not for loan | Home library | Current library | Shelving location | Date acquired | Total Checkouts | Full call number | Barcode | Date last seen | Copy number | Price effective from | Koha item type |
|---|---|---|---|---|---|---|---|---|---|---|---|---|---|---|---|
| Dewey Decimal Classification | London | London | News article | 15/05/2003 | WB3918-19 | 122291-1001 | 06/08/2019 | 1 | 06/08/2019 | News article |